La huella de Italia en el Perú / (Record no. 14007)
[ view plain ]
| 000 -CABECERA | |
|---|---|
| campo de control de longitud fija | 00892cam a2200277 a 4500 |
| 001 - NÚMERO DE CONTROL | |
| campo de control | 000014416 |
| 005 - FECHA Y HORA DE LA ÚLTIMA TRANSACCIÓN | |
| campo de control | 20200929163841.0 |
| 008 - DATOS DE LONGITUD FIJA--INFORMACIÓN GENERAL | |
| campo de control de longitud fija | 010509s2001 pe ac f000 0dspa |
| 020 ## - NÚMERO INTERNACIONAL ESTÁNDAR DEL LIBRO | |
| Número Internacional Estándar del Libro | 9972755584 |
| 040 ## - FUENTE DE LA CATALOGACIÓN | |
| Centro catalogador/agencia de origen | DO-SdBNP |
| Centro/agencia transcriptor | DLC |
| Centro/agencia modificador | DLC |
| 042 ## - CÓDIGO DE AUTENTICACIÓN | |
| Código de autenticación | pcc |
| 043 ## - CÓDIGO DE ÁREA GEOGRÁFICA | |
| Código de área geográfica | s-pe--- |
| -- | e-it--- |
| 050 00 - SIGNATURA TOPOGRÁFICA DE LA BIBLIOTECA DEL CONGRESO | |
| Número de clasificación | F3619.I8 |
| Número de documento/Ítem | Z35 2001 |
| 082 ## - NÚMERO DE LA CLASIFICACIÓN DECIMAL DEWEY | |
| Número de clasificación | nnn |
| Número de documento/Ítem | Z34h |
| 082 00 - NÚMERO DE LA CLASIFICACIÓN DECIMAL DEWEY | |
| Número de clasificación | 985/.00451 |
| Número de edición | 21 |
| 049 ## - FONDOS LOCALES (OCLC) | |
| Fondos de biblioteca | BNGR |
| 100 1# - ENTRADA PRINCIPAL--NOMBRE DE PERSONA | |
| Nombre de persona | Zanutelli Rosas, Manuel. |
| Fechas asociadas al nombre | 1934- |
| 9 (RLIN) | 32527 |
| 245 13 - MENCIÓN DE TÍTULO | |
| Título | La huella de Italia en el Perú / |
| Mención de responsabilidad, etc. | Manuel Zanutelli Rosas. |
| 260 ## - PUBLICACIÓN, DISTRIBUCIÓN, ETC. | |
| Lugar de publicación, distribución, etc. | Lima : |
| Nombre del editor, distribuidor, etc. | Fondo Editorial del Congreso del Perú, |
| Fecha de publicación, distribución, etc. | 2001. |
| 300 ## - DESCRIPCIÓN FÍSICA | |
| Extensión | 235 p. : |
| Otras características físicas | il., retrs. ; |
| Dimensiones | 28 cm. |
| 650 #0 - PUNTO DE ACCESO ADICIONAL DE MATERIA--TÉRMINO DE MATERIA | |
| Término de materia o nombre geográfico como elemento de entrada | Italians |
| Subdivisión geográfica | Peru |
| Subdivisión general | History. |
| 9 (RLIN) | 32528 |
| 650 #0 - PUNTO DE ACCESO ADICIONAL DE MATERIA--TÉRMINO DE MATERIA | |
| Término de materia o nombre geográfico como elemento de entrada | Immigrants |
| Subdivisión geográfica | Peru |
| Subdivisión general | History. |
| 9 (RLIN) | 32529 |
| 651 #0 - PUNTO DE ACCESO ADICIONAL DE MATERIA--NOMBRE GEOGRÁFICO | |
| Nombre geográfico | Peru |
| Subdivisión general | Civilization |
| -- | Italian Influences. |
| 9 (RLIN) | 32530 |
| 650 #0 - PUNTO DE ACCESO ADICIONAL DE MATERIA--TÉRMINO DE MATERIA | |
| Término de materia o nombre geográfico como elemento de entrada | Italians |
| Subdivisión geográfica | Peru |
| Subdivisión de forma | Biography. |
| 9 (RLIN) | 32531 |
| 910 ## - DATOS DE OPCIÓN DEL USUARIO (OCLC) | |
| Datos de opción del usuario | Catalogación por copia / LC |
| Estado de retiro | Estado de pérdida | Restricciones de uso | No para préstamo | Código de colección | Localización permanente | Ubicación/localización actual | Ubicación en estantería | Fecha de adquisición | Número de inventario | Total de préstamos | Signatura topográfica completa | Código de barras | Fecha visto por última vez | Precio válido a partir de | Tipo de ítem Koha |
|---|---|---|---|---|---|---|---|---|---|---|---|---|---|---|---|
| Excluido de préstamo | Monografías: Libros y Folletos | General | General | En catalogación | 14.12.2009 | LF1 | nnn 985/.00451 Z34h | 14416-10 | 25.06.2020 | 25.06.2020 | No se presta |
